| 000 | 00000nam 2200000za 4500 |
| 001 | 9.810892 |
| 003 | CaOODSP |
| 005 | 20221107140950 |
| 007 | cr ||||||||||| |
| 008 | 160209s1987 onc |o f|0| 0 eng d |
| 020 | |z0-920783-85-6 |
| 040 | |aCaOODSP|beng |
| 043 | |an-cn--- |
| 086 | 1 |aNE22-4/086E-PDF |
| 100 | 1 |aPelletier, E. |
| 245 | 10|aPrototype, mesoscale simulator for the study of oil weathering under severe conditions |h[electronic resource]. |
| 260 | |aOttawa : |bEnvironmental Studies Research Funds, |c1987. |
| 300 | |avii, 55 p. : |bill., tables, graphs. |
| 490 | 1 |aEnvironmental Studies Research Funds ; |v086 |
| 504 | |aIncludes bibliographic references. |
| 692 | 07|2gccst|aPetroleum |
| 700 | 1 |aBrochu, C. |
| 710 | 1 |aCanada.|bNational Energy Board. |bEnvironmental Studies Research Funds. |
| 830 | #0|aEnvironmental Studies Research Funds report ;|v086|w(CaOODSP)9.504902 |
| 856 | 40|qPDF|s1.60 MB|uhttps://publications.gc.ca/collections/collection_2016/one-neb/NE22-4-086-eng.pdf |